| 000 | 00597nam a22002171c 4500 | ||
|---|---|---|---|
| 001 | 00098359193 | ||
| 008 | 051003s1991 gw |||| 000u rus d | ||
| 020 |
_a5250008275 _95-250-00827-5 |
||
| 041 | _arus | ||
| 100 | 1 |
_aMirskij, Mark B. _911536 |
|
| 245 | 0 | 0 |
_aObjazany žizn'ju / _cM. B. Mirskij |
| 264 |
_aMoskva : _bIzdat. Političeskoj Literatury, _c1991 |
||
| 300 | _a238 S. | ||
| 650 | 0 |
_aSanitätsdienst _911537 |
|
| 650 | 0 |
_aWeltkrieg <1939-1945> _98199 |
|
| 651 | 0 |
_aSowjetunion _9127 |
|
| 942 | _cMG | ||
| 040 | _cRU-10907106 | ||
| 003 | RU-10907106 | ||
| 999 |
_c5079 _d5079 |
||
| 546 | _aIn kyrill. Schr., russ | ||